[Event "DVM U16 2003"]
[Site "Greifswald GER"]
[Date "2003.12.27"]
[Round "2"]
[White "von der Ahé, Florian"]
[Black "Galbraith, Martin"]
[Result "1-0"]
[Termination "normal"]
[Board "8.1"]
[WhiteElo "1675"]
[BlackElo "2095"]
[WhiteTeam "Rochade Kuppenheim"]
[BlackTeam "SK Gau-Algesheim"]
[PlyCount "65"]
[WhiteFideId "12970506"]
[BlackFideId "4697448"]
[EventCountry "GER"]
[EventRounds "7"]
[EventType "team-swiss"]
[EventDate "2003.12.26"]

1. Nf3 d5 2. g3 Nf6 3. Bg2 Bf5 4. d3 e6 5. Nbd2 Be7 6. O-O h6 7. c4 c6 8. Qb3
Qc7 9. cxd5 cxd5 10. Nd4 Bh7 11. N2f3 Nbd7 12. Bf4 Qb6 13. Qxb6 Nxb6 14. Nb5
O-O 15. Rac1 a6 16. Nc3 Rac8 17. Nd2 Rfd8 18. e4 Nh5 19. exd5 Nxf4 20. gxf4
exd5 21. Rfe1 Bd6 22. Nb3 Bxf4 23. Rcd1 Bg5 24. Bf1 Bg6 25. Kg2 Bf6 26. d4 Nc4
27. Bxc4 Rxc4 28. Rd2 b5 29. Na5 Rxd4 30. Rxd4 Bxd4 31. Nc6 Bxc3 32. bxc3 Rc8
33. Ne7+ 1-0

[Event "DVM U16 2003"]
[Site "Greifswald GER"]
[Date "2003.12.27"]
[Round "2"]
[White "Becker, Matthias"]
[Black "Mrinski, Evgenij"]
[Result "0-1"]
[Termination "normal"]
[Board "8.2"]
[WhiteElo "1486"]
[BlackElo "1724"]
[WhiteTeam "SK Gau-Algesheim"]
[BlackTeam "Rochade Kuppenheim"]
[PlyCount "138"]
[WhiteFideId "24625850"]
[EventCountry "GER"]
[EventRounds "7"]
[EventType "team-swiss"]
[EventDate "2003.12.26"]

1. e4 e5 2. Nf3 Nc6 3. Bc4 Nf6 4. d3 Be7 5. c3 O-O 6. b4 b6 7. b5 Na5 8. Nxe5
Bd6 9. Nxf7 Rxf7 10. Bxf7+ Kxf7 11. Qf3 Bb7 12. Bg5 Qe7 13. Bxf6 Qxf6 14. Qxf6+
gxf6 15. O-O Re8 16. Re1 a6 17. bxa6 Bxa6 18. Re3 Nc6 19. Rh3 Kg7 20. a4 Ne5
21. c4 f5 22. Nc3 fxe4 23. Nxe4 Nxc4 24. Rxh7+ Kxh7 25. Nf6+ Kg6 26. Nxe8 Kf7
27. Nxc7 Bxc7 28. dxc4 Bxc4 29. Rc1 d5 30. Rb1 Ba6 31. Rb3 d4 32. f3 d3 33. Kf2
d2 34. Rb1 Bd3 35. Rd1 Bf4 36. g3 Bc2 37. Ke2 Bxd1+ 38. Kxd1 Be3 39. Ke2 Kf6
40. h3 Ke5 41. f4+ Ke4 42. h4 Kf5 43. h5 Kf6 44. Kd1 Kg7 45. f5 Bg5 46. g4 Bf4
47. Ke2 Kf6 48. Kd1 Ke5 49. Ke2 Bg5 50. Kd1 Kf4 51. Kxd2 Kxg4+ 52. Kc3 Kxf5 53.
Kb4 Bd2+ 54. Kb5 Ba5 55. Kc6 Kg5 56. Kd5 Kxh5 57. Kd4 Kg5 58. Kc4 Kf5 59. Kd5
Kf4 60. Kd4 Kf3 61. Kd3 Kf2 62. Kd4 Ke2 63. Kc4 Kd2 64. Kb3 Kd3 65. Kb2 Kc4 66.
Ka3 Kc3 67. Ka2 Kb4 68. Kb2 Kxa4 69. Ka2 Kb4 0-1

[Event "DVM U16 2003"]
[Site "Greifswald GER"]
[Date "2003.12.27"]
[Round "2"]
[White "Stiefel, Michael"]
[Black "Ozga, Christian"]
[Result "1-0"]
[Termination "normal"]
[Board "8.3"]
[WhiteElo "1842"]
[BlackElo "1253"]
[WhiteTeam "Rochade Kuppenheim"]
[BlackTeam "SK Gau-Algesheim"]
[PlyCount "107"]
[WhiteFideId "24608556"]
[EventCountry "GER"]
[EventRounds "7"]
[EventType "team-swiss"]
[EventDate "2003.12.26"]

1. e4 e5 2. Nf3 Nc6 3. Bb5 d6 4. d4 a6 5. Bxc6+ bxc6 6. dxe5 Bg4 7. exd6 Bxf3
8. Qxf3 cxd6 9. Nc3 Qd7 10. O-O Nf6 11. Bg5 Be7 12. Rad1 h6 13. Bf4 Qe6 14.
Rfe1 Rd8 15. e5 dxe5 16. Rxd8+ Kxd8 17. Qd3+ Qd7 18. Qxd7+ Kxd7 19. Bxe5 Bb4
20. f3 Re8 21. Kf1 Bxc3 22. Bxc3 Rxe1+ 23. Kxe1 Ne8 24. Ke2 Ke6 25. Kd3 Kd5 26.
Bd4 c5 27. c4+ Ke6 28. Bc3 g6 29. Ke4 Nd6+ 30. Kd3 f5 31. a3 g5 32. g4 fxg4 33.
fxg4 Nf7 34. Bg7 a5 35. b3 Kd6 36. Bf8+ Ke6 37. Ke4 Ne5 38. Bxh6 Nxg4 39. Bxg5
Nxh2 40. Bd8 Ng4 41. Bxa5 Kd6 42. Bc3 Nf2+ 43. Ke3 Ng4+ 44. Kf3 Nh6 45. b4 Nf7
46. b5 Nd8 47. Ke4 Ne6 48. Be5+ Kd7 49. Kd5 Nd8 50. Kxc5 Ne6+ 51. Kd5 Nf8 52.
c5 Ng6 53. c6+ Kc8 54. Bd6 1-0

[Event "DVM U16 2003"]
[Site "Greifswald GER"]
[Date "2003.12.27"]
[Round "2"]
[White "Grieb, Tobias"]
[Black "Schneider, Olaf"]
[Result "0-1"]
[Termination "normal"]
[Board "8.4"]
[WhiteElo "973"]
[BlackElo "1410"]
[WhiteTeam "SK Gau-Algesheim"]
[BlackTeam "Rochade Kuppenheim"]
[PlyCount "74"]
[WhiteFideId "1270616"]
[EventCountry "GER"]
[EventRounds "7"]
[EventType "team-swiss"]
[EventDate "2003.12.26"]

1. e4 e5 2. Nf3 Nf6 3. Bc4 Nc6 4. Ng5 d5 5. exd5 b5 6. Nxf7 Kxf7 7. dxc6+ bxc4
8. O-O Qd5 9. Qe2 Bd6 10. d3 Ba6 11. b3 cxd3 12. cxd3 Bxd3 13. Qd1 Bxf1 14.
Qxf1 Qd4 15. Qc4+ Qxc4 16. bxc4 Rhd8 17. Nc3 Bb4 18. Bb2 Rd2 19. Rb1 Rad8 20.
g3 Bxc3 21. Bxc3 Rd1+ 22. Rxd1 Rxd1+ 23. Kg2 Rc1 24. Bxe5 Rxc4 25. Bxc7 Rxc6
26. Be5 Ra6 27. Kh3 Rxa2 28. f4 a5 29. g4 a4 30. g5 Nd5 31. f5 a3 32. Kg3 Rc2
33. h4 g6 34. Kg4 Rc4+ 35. Kg3 a2 36. fxg6+ hxg6 37. Kh3 Nc3 0-1

[Event "DVM U16 2003"]
[Site "Greifswald GER"]
[Date "2003.12.27"]
[Round "2"]
[White "Willert, Christof"]
[Black "Seiler, Sascha"]
[Result "0-1"]
[Termination "normal"]
[Board "9.1"]
[WhiteElo "1536"]
[BlackElo "1877"]
[WhiteTeam "Schachverein Gryps"]
[BlackTeam "Heilbronner SV"]
[PlyCount "36"]
[BlackFideId "24630594"]
[EventCountry "GER"]
[EventRounds "7"]
[EventType "team-swiss"]
[EventDate "2003.12.26"]

1. d4 Nf6 2. c4 g6 3. Nc3 Bg7 4. e4 d6 5. f3 O-O 6. Be3 Nbd7 7. Qd2 c5 8. d5 a6
9. g4 Ne5 10. O-O-O Bd7 11. h3 b5 12. b3 bxc4 13. bxc4 Rb8 14. f4 Qa5 15. Nb1
Rxb1+ 16. Kxb1 Rb8+ 17. Ka1 Nxe4 18. Qxa5 Nd3+ 0-1

[Event "DVM U16 2003"]
[Site "Greifswald GER"]
[Date "2003.12.27"]
[Round "2"]
[White "Luo, Xingping"]
[Black "Völsgen, Georg"]
[Result "1-0"]
[Termination "normal"]
[Board "9.2"]
[WhiteElo "1495"]
[BlackElo "1449"]
[WhiteTeam "Heilbronner SV"]
[BlackTeam "Schachverein Gryps"]
[PlyCount "45"]
[BlackFideId "24635901"]
[EventCountry "GER"]
[EventRounds "7"]
[EventType "team-swiss"]
[EventDate "2003.12.26"]

1. e4 e5 2. Nf3 Nc6 3. Bb5 Nf6 4. O-O d6 5. d4 exd4 6. Nxd4 Bd7 7. Nc3 a6 8.
Bxc6 Bxc6 9. Nxc6 bxc6 10. f4 Be7 11. Qf3 c5 12. e5 Nd7 13. exd6 cxd6 14. Nd5
O-O 15. Bd2 Nf6 16. Rad1 Nxd5 17. Qxd5 Qc7 18. Bc3 Rac8 19. Rf3 Qc6 20. Rg3 g6
21. Qh5 Rfd8 22. Qxh7+ Kxh7 23. Rh3+ 1-0

[Event "DVM U16 2003"]
[Site "Greifswald GER"]
[Date "2003.12.27"]
[Round "2"]
[White "Hollatz, Michael"]
[Black "Witte, Stefan"]
[Result "0-1"]
[Termination "normal"]
[Board "9.3"]
[WhiteElo "1339"]
[BlackElo "1470"]
[WhiteTeam "Schachverein Gryps"]
[BlackTeam "Heilbronner SV"]
[PlyCount "92"]
[WhiteFideId "4622820"]
[EventCountry "GER"]
[EventRounds "7"]
[EventType "team-swiss"]
[EventDate "2003.12.26"]

1. e4 c5 2. Bc4 e6 3. Nc3 a6 4. Nf3 b5 5. Be2 Bb7 6. d3 Qc7 7. Be3 d6 8. O-O
Nf6 9. Ng5 d5 10. Bd2 h6 11. Nh3 dxe4 12. dxe4 Nxe4 13. Nxe4 Bxe4 14. Bf3 Bc6
15. Bf4 Qb7 16. Bxc6+ Qxc6 17. Qd2 Nd7 18. Rad1 Rd8 19. Qa5 Be7 20. Rd2 e5 21.
Be3 O-O 22. Rfd1 f5 23. f4 e4 24. Rd5 Kh8 25. Qd2 Nf6 26. Rxd8 Rxd8 27. Qe2 Rd5
28. Nf2 Qd7 29. Qe1 Rxd1 30. Qxd1 Qxd1+ 31. Nxd1 Nd5 32. Bd2 g5 33. Ne3 Nxe3
34. Bxe3 Kg7 35. Kf2 Kf7 36. h3 Ke6 37. g4 fxg4 38. hxg4 Kd5 39. b3 gxf4 40.
Bxf4 Bg5 41. Be3 Bxe3+ 42. Kxe3 Ke5 43. c3 b4 44. c4 a5 45. Ke2 Kf4 46. Kf2
Kxg4 0-1

[Event "DVM U16 2003"]
[Site "Greifswald GER"]
[Date "2003.12.27"]
[Round "2"]
[White "Geshnizjani, Ramin"]
[Black "Zimmermann, Gordon"]
[Result "1-0"]
[Termination "normal"]
[Board "9.4"]
[WhiteElo "1641"]
[BlackElo "1336"]
[WhiteTeam "Heilbronner SV"]
[BlackTeam "Schachverein Gryps"]
[PlyCount "95"]
[WhiteFideId "24633089"]
[BlackFideId "24624330"]
[EventCountry "GER"]
[EventRounds "7"]
[EventType "team-swiss"]
[EventDate "2003.12.26"]

1. c4 e5 2. Nc3 Nf6 3. Nf3 Nc6 4. g3 Bb4 5. Bg2 O-O 6. O-O e4 7. Ng5 Bxc3 8.
bxc3 Re8 9. f3 e3 10. d3 d5 11. cxd5 Qxd5 12. f4 Qc5 13. Qb3 Be6 14. Nxe6 Rxe6
15. d4 Qd6 16. d5 Nxd5 17. Qxd5 Qxd5 18. Bxd5 Rd6 19. Bxc6 Rxc6 20. Bxe3 Rxc3
21. Bd4 Rc4 22. Rfd1 c5 23. Bf2 Rc2 24. Rac1 Rxe2 25. Rxc5 Rxa2 26. Rc7 b6 27.
Rdd7 Rf8 28. Rxa7 Rxa7 29. Rxa7 Rb8 30. Bxb6 h6 31. Bf2 g6 32. Bd4 h5 33. Be5
Re8 34. Rb7 Rd8 35. Rb8 Rxb8 36. Bxb8 Kg7 37. Kf2 f5 38. Ke3 Kf7 39. Kd4 Ke6
40. Be5 Kd7 41. Kd5 Ke7 42. Bd6+ Kf6 43. Bc5 Kf7 44. Ke5 Kg7 45. Ke6 Kh7 46.
Kf7 Kh6 47. Bf8+ Kh7 48. Kf6 1-0

[Event "DVM U16 2003"]
[Site "Greifswald GER"]
[Date "2003.12.27"]
[Round "2"]
[White "Krizek, Michael"]
[Black "Hirschfeld, Sebastian"]
[Result "0-1"]
[Termination "normal"]
[Board "10.1"]
[WhiteElo "1588"]
[BlackElo "1443"]
[WhiteTeam "TSG Apolda"]
[BlackTeam "Schachverein Gryps 2"]
[PlyCount "40"]
[EventCountry "GER"]
[EventRounds "7"]
[EventType "team-swiss"]
[EventDate "2003.12.26"]

1. e4 e5 2. Nf3 Nc6 3. Bc4 Nf6 4. O-O Nxe4 5. Re1 d5 6. Bb5 Bd6 7. d3 Nf6 8.
Bxc6+ bxc6 9. Nxe5 O-O 10. Nxc6 Qd7 11. Ne5 Qf5 12. d4 Re8 13. Nf3 Rxe1+ 14.
Nxe1 Bxh2+ 15. Kf1 Ng4 16. Qf3 Qh5 17. g3 Ba6+ 18. Nd3 Re8 19. Bf4 Qh3+ 20. Qg2
Re1+ 0-1

[Event "DVM U16 2003"]
[Site "Greifswald GER"]
[Date "2003.12.27"]
[Round "2"]
[White "Hartmann, Elisa"]
[Black "Gebhardt, Martin"]
[Result "0-1"]
[Termination "normal"]
[Board "10.2"]
[WhiteElo "1208"]
[BlackElo "1635"]
[WhiteTeam "Schachverein Gryps 2"]
[BlackTeam "TSG Apolda"]
[PlyCount "56"]
[WhiteFideId "4616235"]
[BlackFideId "24626317"]
[EventCountry "GER"]
[EventRounds "7"]
[EventType "team-swiss"]
[EventDate "2003.12.26"]

1. e4 e6 2. d4 d5 3. e5 c5 4. c3 Nc6 5. Nf3 Qb6 6. a3 a5 7. b3 Nge7 8. Be3 Nf5
9. Be2 Be7 10. a4 cxd4 11. cxd4 Bb4+ 12. Kf1 O-O 13. g4 Nxe3+ 14. fxe3 f6 15.
exf6 Rxf6 16. Kg2 Qc7 17. Qd3 Qf7 18. Rf1 h6 19. Nc3 Bxc3 20. Qxc3 Bd7 21. Rac1
Re8 22. Qc5 e5 23. dxe5 Nxe5 24. Nxe5 Rxe5 25. Rxf6 gxf6 26. Bf3 Bc6 27. Rd1 f5
28. h3 fxg4 0-1

[Event "DVM U16 2003"]
[Site "Greifswald GER"]
[Date "2003.12.27"]
[Round "2"]
[White "Nißler, Daniel"]
[Black "Nautsch, Andreas"]
[Result "1-0"]
[Termination "normal"]
[Board "10.3"]
[WhiteElo "1424"]
[BlackElo "1139"]
[WhiteTeam "TSG Apolda"]
[BlackTeam "Schachverein Gryps 2"]
[PlyCount "69"]
[EventCountry "GER"]
[EventRounds "7"]
[EventType "team-swiss"]
[EventDate "2003.12.26"]

1. e4 e5 2. Nf3 Nc6 3. Bb5 a6 4. Ba4 Nf6 5. O-O Be7 6. Re1 O-O 7. c3 d6 8. d4
exd4 9. cxd4 b5 10. Bb3 Bg4 11. Nbd2 Nxd4 12. h3 Bxf3 13. Nxf3 Nxb3 14. Qxb3 c5
15. Bf4 c4 16. Qc3 d5 17. Rad1 b4 18. Qd4 Nxe4 19. Qxd5 Qxd5 20. Rxd5 Nf6 21.
Rd4 Bc5 22. Rxc4 Rac8 23. Rec1 Nd7 24. Bd6 Bxd6 25. Rxc8 f6 26. Rxf8+ Kxf8 27.
Rc6 Be5 28. Nxe5 Nxe5 29. Rxa6 b3 30. a3 Nd3 31. Rb6 Nxb2 32. Rxb3 Nc4 33. a4
Ke8 34. Rc3 Na5 35. Rd3 1-0

[Event "DVM U16 2003"]
[Site "Greifswald GER"]
[Date "2003.12.29"]
[Round "5"]
[White "Nüsken, Nikolas"]
[Black "Degtiarev, Jevgeni"]
[Result "0-1"]
[Termination "normal"]
[Board "1.1"]
[WhiteElo "2209"]
[BlackElo "2284"]
[WhiteTeam "HSK/Post SV Hannover"]
[BlackTeam "SG Aufbau Elbe Magdeburg"]
[PlyCount "88"]
[WhiteFideId "24605891"]
[BlackFideId "4149610"]
[EventCountry "GER"]
[EventRounds "7"]
[EventType "team-swiss"]
[EventDate "2003.12.26"]

1. c4 e5 2. g3 Nc6 3. Bg2 Nf6 4. Nc3 Bc5 5. a3 O-O 6. b4 Be7 7. b5 Nb8 8. Nf3
d6 9. O-O c6 10. d3 h6 11. Rb1 Be6 12. bxc6 bxc6 13. Qa4 Qc8 14. c5 d5 15. Nxe5
Bxc5 16. Bd2 Bd6 17. d4 Nfd7 18. f4 f6 19. f5 fxe5 20. fxe6 Rxf1+ 21. Bxf1 Nf6
22. dxe5 Bxe5 23. Qb3 Na6 24. Bh3 Qe8 25. Qc2 Qh5 26. Kg2 Nc5 27. g4 Nxg4 28.
Nxd5 cxd5 29. Qxc5 Nf6 30. Rb4 Qg6+ 31. Kh1 Ne4 32. Qe3 Rf8 33. Be1 Qh5 34. Kg1
Bd6 35. Rd4 Bc5 36. e7 Bxe7 37. Be6+ Kh8 38. Bxd5 Bd6 39. Bg3 Qh3 40. Bf4 Qg4+
41. Bg3 Qf5 42. Qf3 Qxf3 43. exf3 Nxg3 44. hxg3 Bc5 0-1

[Event "DVM U16 2003"]
[Site "Greifswald GER"]
[Date "2003.12.29"]
[Round "5"]
[White "Großmann, Susan"]
[Black "Abel, Dennes"]
[Result "0-1"]
[Termination "normal"]
[Board "1.2"]
[WhiteElo "1886"]
[BlackElo "2139"]
[WhiteTeam "SG Aufbau Elbe Magdeburg"]
[BlackTeam "HSK/Post SV Hannover"]
[PlyCount "70"]
[WhiteFideId "24608220"]
[BlackFideId "24605417"]
[EventCountry "GER"]
[EventRounds "7"]
[EventType "team-swiss"]
[EventDate "2003.12.26"]

1. e4 c5 2. Nc3 Nc6 3. f4 g6 4. Nf3 Bg7 5. Bc4 e6 6. O-O Nge7 7. Qe1 O-O 8. f5
d5 9. Bb5 dxe4 10. Nxe4 Nxf5 11. Bxc6 bxc6 12. d3 c4 13. Nf2 cxd3 14. Nxd3 Ba6
15. Qf2 Qb6 16. Rd1 Rfd8 17. Rb1 Bxd3 18. cxd3 Rd7 19. b4 Nd4 20. Kh1 Nxf3 21.
Qxf3 Rd5 22. Be3 Bd4 23. Bxd4 Qxd4 24. Rf1 Rf8 25. Rfc1 Rb8 26. Rxc6 Rxb4 27.
Rbc1 Qxd3 28. Qxd3 Rxd3 29. Rc8+ Kg7 30. R8c7 Rd2 31. Rxa7 Rbb2 32. Rf1 Rf2 33.
Rg1 Rxa2 34. Rb7 h5 35. h3 e5 0-1

[Event "DVM U16 2003"]
[Site "Greifswald GER"]
[Date "2003.12.29"]
[Round "5"]
[White "Romakin, Helene"]
[Black "Reichel, Matti"]
[Result "1-0"]
[Termination "normal"]
[Board "1.3"]
[WhiteElo "2081"]
[BlackElo "1614"]
[WhiteTeam "HSK/Post SV Hannover"]
[BlackTeam "SG Aufbau Elbe Magdeburg"]
[PlyCount "85"]
[WhiteFideId "24605964"]
[EventCountry "GER"]
[EventRounds "7"]
[EventType "team-swiss"]
[EventDate "2003.12.26"]

1. c4 e5 2. Nc3 g6 3. g3 Bg7 4. Bg2 f5 5. d3 Nf6 6. e3 d6 7. Nge2 O-O 8. O-O c6
9. Rb1 Qe7 10. Qc2 Be6 11. f4 Bf7 12. b3 Rd8 13. e4 fxe4 14. dxe4 Nbd7 15. Ba3
Nb6 16. h3 Rac8 17. Rbd1 Qc7 18. fxe5 dxe5 19. c5 Nbd7 20. Kh2 Nf8 21. Ng1 Ne6
22. Nf3 Nd4 23. Qc1 Nxf3+ 24. Bxf3 Nd7 25. Qe3 Nf8 26. Rd6 Ne6 27. Bg4 Qe7 28.
Rxf7 Kxf7 29. Bxe6+ Qxe6 30. Rxe6 Kxe6 31. Nb1 Rd7 32. Nd2 Rcd8 33. Nc4 Rd3 34.
Qg5 Rf8 35. Kg2 Rc3 36. Qg4+ Ke7 37. Qe2 Bh6 38. Bb2 Rxc4 39. Qxc4 Be3 40. Bxe5
Rf2+ 41. Kh1 Rxa2 42. Bd6+ Kd8 43. Qg8+ 1-0

[Event "DVM U16 2003"]
[Site "Greifswald GER"]
[Date "2003.12.29"]
[Round "5"]
[White "Schwenke, Vincent"]
[Black "Laake, Jasmin"]
[Result "0-1"]
[Termination "normal"]
[Board "1.4"]
[WhiteElo "1560"]
[BlackElo "1975"]
[WhiteTeam "SG Aufbau Elbe Magdeburg"]
[BlackTeam "HSK/Post SV Hannover"]
[PlyCount "50"]
[WhiteFideId "24620467"]
[BlackFideId "4699939"]
[EventCountry "GER"]
[EventRounds "7"]
[EventType "team-swiss"]
[EventDate "2003.12.26"]

1. e4 c5 2. c4 d6 3. Nc3 e5 4. g3 g6 5. Bg2 Bg7 6. Nge2 Nc6 7. O-O Nge7 8. Rb1
O-O 9. a3 a5 10. d3 f5 11. f4 fxe4 12. Bxe4 Bh3 13. Bg2 Bxg2 14. Kxg2 Qd7 15.
Ne4 b6 16. N2c3 Kh8 17. Nb5 d5 18. Ned6 Nf5 19. Qg4 Ne3+ 20. Bxe3 Qxg4 21. cxd5
Qe2+ 22. Bf2 Nd4 23. Rbe1 Qf3+ 24. Kh3 Nxb5 25. Nxb5 Qxd5 0-1

[Event "DVM U16 2003"]
[Site "Greifswald GER"]
[Date "2003.12.29"]
[Round "5"]
[White "Schneider, Andreas"]
[Black "Frübing, Stefan"]
[Result "1-0"]
[Termination "normal"]
[Board "2.1"]
[WhiteElo "2108"]
[BlackElo "2096"]
[WhiteTeam "Wilhelmshavener SF"]
[BlackTeam "SV Glück Auf Rüdersdorf"]
[PlyCount "85"]
[WhiteFideId "24606022"]
[BlackFideId "4682165"]
[EventCountry "GER"]
[EventRounds "7"]
[EventType "team-swiss"]
[EventDate "2003.12.26"]

1. e4 c5 2. Nc3 Nc6 3. g3 g6 4. Bg2 Bg7 5. d3 d6 6. Be3 e6 7. Qd2 Qa5 8. Nd1
Qxd2+ 9. Kxd2 Nge7 10. f4 O-O 11. Ne2 b6 12. c4 Bb7 13. Ndc3 Rad8 14. Rab1 Nd4
15. Bxd4 cxd4 16. Nb5 Nc6 17. b4 e5 18. Nc7 Ne7 19. Rb2 Rd7 20. Nd5 Nxd5 21.
cxd5 Rc7 22. Rc1 Rxc1 23. Kxc1 Rc8+ 24. Rc2 Bh6 25. Bh3 Rxc2+ 26. Kxc2 Kf8 27.
a4 Ke7 28. Kb3 Kd8 29. fxe5 dxe5 30. Ng1 Ke7 31. Nf3 Kd6 32. b5 f5 33. g4 fxe4
34. dxe4 Bc8 35. g5 Bxh3 36. gxh6 Bg4 37. Ng5 Ke7 38. Nxh7 Kf7 39. Ng5+ Kg8 40.
Kc2 Bc8 41. Nf3 Kh7 42. Nxe5 Kxh6 43. d6 1-0

[Event "DVM U16 2003"]
[Site "Greifswald GER"]
[Date "2003.12.29"]
[Round "5"]
[White "Becker, Nils"]
[Black "Lubbe, Nikolas"]
[Result "1-0"]
[Termination "normal"]
[Board "2.2"]
[WhiteElo "2036"]
[BlackElo "2103"]
[WhiteTeam "SV Glück Auf Rüdersdorf"]
[BlackTeam "Wilhelmshavener SF"]
[PlyCount "115"]
[WhiteFideId "4695216"]
[BlackFideId "4694031"]
[EventCountry "GER"]
[EventRounds "7"]
[EventType "team-swiss"]
[EventDate "2003.12.26"]

1. e4 c5 2. Nf3 Nc6 3. Nc3 Nf6 4. g3 g6 5. Bg2 Bg7 6. O-O O-O 7. d3 d6 8. Be3
Rb8 9. Qd2 b5 10. Bh6 a5 11. Bxg7 Kxg7 12. Nh4 b4 13. Ne2 Ba6 14. f4 Qb6 15.
Rae1 c4+ 16. Kh1 cxd3 17. cxd3 Ng4 18. Nc1 Nd4 19. f5 Ne5 20. f6+ exf6 21. Qf4
Qd8 22. Qf2 Ne6 23. Rd1 Rc8 24. Rfe1 Rxc1 25. Rxc1 Nxd3 26. Qd2 Qb6 27. e5 dxe5
28. Rc6 Qd4 29. Nf3 Qa7 30. Qe3 Qxe3 31. Rxe3 Nf2+ 32. Kg1 Ng4 33. Re1 Bb7 34.
Rb6 Bxf3 35. Bxf3 Nh6 36. Ra6 Nd4 37. Bg2 Rc8 38. Rf1 Rc2 39. Rf2 Rc1+ 40. Rf1
Ne2+ 41. Kf2 Rc2 42. Ke1 Nxg3 43. Rf2 Rxf2 44. Kxf2 Ngf5 45. h3 Nd4 46. Rxa5
Nhf5 47. Ra7 Nd6 48. Bd5 h5 49. Rd7 N4f5 50. a4 bxa3 51. bxa3 g5 52. a4 g4 53.
hxg4 hxg4 54. a5 g3+ 55. Ke1 e4 56. a6 Nd4 57. Rxd6 Nc2+ 58. Kf1 1-0

[Event "DVM U16 2003"]
[Site "Greifswald GER"]
[Date "2003.12.29"]
[Round "5"]
[White "Lubbe, Alexander"]
[Black "Rutschke, Bernhard"]
[Result "0-1"]
[Termination "normal"]
[Board "2.3"]
[WhiteElo "1683"]
[BlackElo "1922"]
[WhiteTeam "Wilhelmshavener SF"]
[BlackTeam "SV Glück Auf Rüdersdorf"]
[PlyCount "52"]
[BlackFideId "24611050"]
[EventCountry "GER"]
[EventRounds "7"]
[EventType "team-swiss"]
[EventDate "2003.12.26"]

1. e4 c5 2. Nf3 Nc6 3. d4 cxd4 4. Nxd4 g6 5. Nc3 Bg7 6. Be3 Nf6 7. Bc4 O-O 8.
Bb3 d6 9. f3 Bd7 10. Qd2 Rc8 11. O-O-O Ne5 12. Kb1 Nc4 13. Bxc4 Rxc4 14. g4 Qb8
15. g5 Nh5 16. b3 Rcc8 17. Nd5 Rfe8 18. Ne2 b5 19. Ng3 Be6 20. Nxh5 gxh5 21.
Nf4 Bc3 22. Qf2 Qc7 23. Nxh5 Qa5 24. Rhg1 Rc6 25. Nf6+ Kh8 26. Nxe8 Qxa2+ 0-1

[Event "DVM U16 2003"]
[Site "Greifswald GER"]
[Date "2003.12.29"]
[Round "5"]
[White "Beißer, Jacob"]
[Black "Konrad, Maximilian"]
[Result "1-0"]
[Termination "normal"]
[Board "2.4"]
[WhiteElo "1935"]
[BlackElo "1644"]
[WhiteTeam "SV Glück Auf Rüdersdorf"]
[BlackTeam "Wilhelmshavener SF"]
[PlyCount "47"]
[WhiteFideId "24603392"]
[EventCountry "GER"]
[EventRounds "7"]
[EventType "team-swiss"]
[EventDate "2003.12.26"]

1. Nf3 d5 2. g3 Nf6 3. Bg2 c5 4. O-O Nc6 5. d3 e5 6. Nbd2 Be7 7. e4 d4 8. Nh4
Be6 9. Nf5 O-O 10. f4 Qc7 11. Nf3 a6 12. fxe5 Nd7 13. Bf4 Rae8 14. Nxe7+ Nxe7
15. Ng5 Ng6 16. Qh5 h6 17. Nxe6 Rxe6 18. Bh3 Nxf4 19. gxf4 Rg6+ 20. Kh1 b5 21.
Rg1 Rxg1+ 22. Rxg1 Rd8 23. Qxh6 g6 24. Rxg6+ 1-0

[Event "DVM U16 2003"]
[Site "Greifswald GER"]
[Date "2003.12.29"]
[Round "5"]
[White "Krizek, Michael"]
[Black "Süß, Stefan"]
[Result "1-0"]
[Termination "normal"]
[Board "3.1"]
[WhiteElo "1588"]
[BlackElo "2009"]
[WhiteTeam "TSG Apolda"]
[BlackTeam "FSV Großenseebach"]
[PlyCount "85"]
[BlackFideId "24606090"]
[EventCountry "GER"]
[EventRounds "7"]
[EventType "team-swiss"]
[EventDate "2003.12.26"]

1. e4 c5 2. Nf3 Nc6 3. Bc4 e6 4. Nc3 d6 5. a3 a6 6. d3 b5 7. Ba2 Nf6 8. O-O Be7
9. h3 O-O 10. Be3 Qc7 11. Nh2 Rd8 12. f4 d5 13. e5 Ne8 14. Ne2 f6 15. d4 cxd4
16. Nxd4 fxe5 17. Nxc6 Qxc6 18. fxe5 Nc7 19. c3 Bb7 20. Bd4 Rf8 21. Qe2 Rac8
22. Rac1 Na8 23. Bb1 g6 24. Ng4 Bg5 25. Rcd1 Qc4 26. Bd3 Qc7 27. Nf6+ Bxf6 28.
exf6 Qf7 29. Rde1 Nc7 30. h4 Rcd8 31. Qg4 Ne8 32. h5 g5 33. Qxg5+ Kh8 34. Qg4
Bc8 35. Re5 Rg8 36. Rg5 Bb7 37. h6 Nd6 38. Rg7 Rxg7 39. Qxg7+ Qxg7 40. hxg7+
Kg8 41. f7+ Nxf7 42. Bxh7+ Kxh7 43. Rxf7 1-0

[Event "DVM U16 2003"]
[Site "Greifswald GER"]
[Date "2003.12.29"]
[Round "5"]
[White "Borel, Markus"]
[Black "Gebhardt, Martin"]
[Result "1/2-1/2"]
[Termination "normal"]
[Board "3.2"]
[WhiteElo "1926"]
[BlackElo "1635"]
[WhiteTeam "FSV Großenseebach"]
[BlackTeam "TSG Apolda"]
[PlyCount "104"]
[WhiteFideId "24605522"]
[BlackFideId "24626317"]
[EventCountry "GER"]
[EventRounds "7"]
[EventType "team-swiss"]
[EventDate "2003.12.26"]

1. e4 e6 2. d3 d5 3. Nd2 Nf6 4. g3 c5 5. Bg2 Nc6 6. Ngf3 Be7 7. O-O Qc7 8. h3
b6 9. Nh2 Bb7 10. Re1 O-O-O 11. a3 g5 12. c3 dxe4 13. Nxe4 Nxe4 14. Bxe4 f5 15.
Bg2 e5 16. Qe2 Bf6 17. Bd2 Qd7 18. Nf3 h6 19. Bf1 f4 20. Nh2 h5 21. b4 Ba6 22.
c4 Nd4 23. Qd1 Nf5 24. bxc5 bxc5 25. Rb1 fxg3 26. fxg3 Nxg3 27. Qf3 Bb7 28.
Rxb7 Qxb7 29. Qxg3 g4 30. Bg2 Qd7 31. Qf2 Qd6 32. Qf5+ Rd7 33. Rb1 Kd8 34. Rf1
Ke7 35. Bg5 Bxg5 36. Qxg5+ Ke8 37. Be4 Re7 38. Bg6+ Kd7 39. Bf5+ Kc7 40. Be4
Rb8 41. Bd5 e4 42. Bxe4 Rb2 43. Qf4 Re5 44. hxg4 hxg4 45. Nxg4 Rg5 46. Qf7+ Qd7
47. Qxd7+ Kxd7 48. Bf5+ Kd6 49. Kh1 Rh5+ 50. Kg1 Rg5 51. Kh1 Rh5+ 52. Kg1 Rg5
1/2-1/2

[Event "DVM U16 2003"]
[Site "Greifswald GER"]
[Date "2003.12.29"]
[Round "5"]
[White "Nißler, Daniel"]
[Black "Hofmann, Benjamin"]
[Result "1/2-1/2"]
[Termination "normal"]
[Board "3.3"]
[WhiteElo "1424"]
[BlackElo "1979"]
[WhiteTeam "TSG Apolda"]
[BlackTeam "FSV Großenseebach"]
[PlyCount "74"]
[BlackFideId "24605743"]
[EventCountry "GER"]
[EventRounds "7"]
[EventType "team-swiss"]
[EventDate "2003.12.26"]

1. e4 g6 2. d4 Bg7 3. Nc3 d6 4. f4 Nf6 5. Nf3 O-O 6. Be3 Nc6 7. h3 Nh5 8. Qd2
Ng3 9. Rg1 Nxf1 10. Rxf1 a6 11. g4 b5 12. f5 b4 13. Ne2 a5 14. Bh6 Ba6 15. Bxg7
Kxg7 16. Rh1 Bxe2 17. Qxe2 e5 18. d5 Nd4 19. Qf2 Nxf3+ 20. Qxf3 Qh4+ 21. Ke2 a4
22. a3 Rfb8 23. Rhb1 Qe7 24. Rf1 f6 25. Rab1 b3 26. c4 Rf8 27. h4 Qf7 28. Rbc1
Ra5 29. Rh1 Rc5 30. h5 g5 31. Rc3 c6 32. Rhc1 Rc8 33. Qd3 Qc7 34. Kd2 h6 35.
Qe3 Kf7 36. Qd3 Ke7 37. Qe3 Qa5 1/2-1/2